000
00307nam a2200109Ia 4500
008
180205s9999 xx 000 0 und d
020
_a
9789712353550
100
_a
Aquino, Avelina M.
245
_a
Facilitating Human learning /
260
_a
Recto avenue city
_b
REX book store
_c
2009
300
_a
ii, 392 pages
999
_c
354881
_d
354881